Это реальная личность? №6 - Внезапная смерть - Statistics

General Stats
  • This quiz has been taken 21 times
  • The average score is 9 of 15
Answers on the Grid
Answers color-coded by a green-red scale on the quiz's grid according to % correct below.
Луи Армстронг
Эркюль Пуаро
Шарль Перро
Паша Техник
Стивен Хокинг
Иди Амин
Плутарх
Алекс Деларж
Анна Франк
Кацусика Хокусай
Микки Руни
Илона Броневицкая
Цинь Шихуанди
Игорь Крутой
Форрест Гамп
Халк Хоган
Кармен Сандиего
Заратустра
Александр Эмиль Шанкуртуа
Герберт Уэллс
 
Answer Stats
Answer % Correct
Паша Техник
92%
Стивен Хокинг
92%
Луи Армстронг
77%
Шарль Перро
77%
Анна Франк
77%
Игорь Крутой
69%
Халк Хоган
69%
Цинь Шихуанди
62%
Герберт Уэллс
62%
Иди Амин
54%
Плутарх
54%
Илона Броневицкая
46%
Кацусика Хокусай
38%
Микки Руни
38%
Александр Эмиль Шанкуртуа
38%
No matching quizzes found
Score Distribution
Percent of People with Each Score
Percentile by Number Answered
Your Score History
You have not taken this quiz